El sabio instruido de la gracia, en varias maximas, o ideas evangelicas, politicas, y morales. Añadidas en esta ultima impression por el mismo autor, è illustradas con figuras, y lemas / por el P. Francisco Garau, de la Compañía de Jesus, Cathedratico de Prima que fue de theologia en el Colegio de Belén

Detalles Bibliográficos
Autor principal: Garau, Francisco, S. J., 1640-1701
Otros Autores: Piferrer, Juan, ed
Formato: Libro
Lenguaje:Undetermined
Spanish
Publicado: Barcelona : por Joseph Llopis ; a costa de Juan Piferrer librero, 1703.
Materias:
Colección:Banco de datos
Acervo:Museo Virreinal de Zinacantepec. Estado de México
Descripción Física:3 t. : il. ; 4°
Tema general:Moral
Notas:Incluye ilustraciones en grabado xilográfico. Encuadernación en pergamino
LEADER 00899nam a2200181Ia 4500
008 150723s9999 xx 000 0 und d
041 0 |a spa 
100 1 |a Garau, Francisco, S. J., 1640-1701 
245 1 0 |a El sabio instruido de la gracia, en varias maximas, o ideas evangelicas, politicas, y morales. Añadidas en esta ultima impression por el mismo autor, è illustradas con figuras, y lemas / por el P. Francisco Garau, de la Compañía de Jesus, Cathedratico de Prima que fue de theologia en el Colegio de Belén 
260 |a Barcelona : por Joseph Llopis ; a costa de Juan Piferrer librero, 1703. 
300 |a 3 t. : il. ; 4° 
500 |a Incluye ilustraciones en grabado xilográfico. Encuadernación en pergamino 
650 1 0 |a Moral 
700 1 |a Piferrer, Juan, ed. 
949 |a t. 2 (3634) 
942 |c ZINACA 
943 |g Museo Virreinal de Zinacantepec. Estado de México 
999 |c 1106884  |d 1106884